La fábrica del terror /
Guardado en:
| Autor Principal: | |
|---|---|
| Formato: | Libro |
| Publicado: |
Buenos Aires :
Sudamericana,
1997
|
| Edición: | 12a. ed. |
| Materias: | |
| Etiquetas: |
Agregar Etiqueta
Sin Etiquetas, Sea el primero en etiquetar este registro!
|
| LEADER | 00928nam a22002415a 4500 | ||
|---|---|---|---|
| 001 | CEM.cems009987 | ||
| 005 | 20100915114336.0 | ||
| 008 | 130507s1997##################000#0#####d | ||
| 003 | CEMS | ||
| 020 | |a 9500706423 | ||
| 082 | 0 | 4 | |a A868.4 |
| 100 | 1 | |a Shua, Ana María | |
| 245 | 1 | 0 | |a La fábrica del terror / |c Ana María Shua ; ilustraciones de Jorge Sanzol |
| 250 | |a 12a. ed. | ||
| 260 | |a Buenos Aires : |b Sudamericana, |c 1997 | ||
| 300 | |a 117 p. | ||
| 505 | 0 | |a Cómo y por qué se fabrica el miedo -- Posada de las tres cuerdas -- Flores contra la muerte -- El show de los muertos vivos -- La yegua blanca -- El jinete sin cabeza -- Las siete hermanas -- El último Golem -- Yasí-yateré, el que se oye y no se ve | |
| 653 | |a Literatura | ||
| 653 | |a Literatura argentina | ||
| 653 | |a Cuentos | ||
| 653 | |a Cuentos-antología | ||
| 653 | |a Cuentos de terror | ||
| 859 | |a CEMS |b BIB. CEMS - 11 de abril |h A868.4 |i Sh91 |p 20368.99 |t Ej.1 | ||
